000 00319nam a2200133Ia 4500
008 150201s2005 xx 000 0 und d
082 _a618.92
_bC05R
100 _aR ARVIND
245 _a100+ CLINICAL CASES IN PAEDIATRICS
250 _a2ND
260 _bELSEVIER
_aDELHI
_c2005
650 _aPAEDIATRICS
942 _2ddc
_cBK
999 _c634
_d634